La crisis mundial (Record no. 5603)

MARC details
000 -LEADER
campo de control de longitud fija 00841nam a2200241 i 4500
001 - NÚMERO DE CONTROL
campo de control 5603
003 - IDENTIFICADOR DE NÚMERO DE CONTROL
campo de control ES-MaACL
005 - FECHA Y HORA DE LA ÚLTIMA TRANSACCIÓN
campo de control 20230906144633.0
008 - DATOS DE LONGITUD FIJA--INFORMACIÓN GENERAL
campo de control de longitud fija 881219s1987 sp |||| | spa d
020 ## - NÚMERO INTERNACIONAL ESTÁNDAR DEL LIBRO
Número Internacional Estándar del Libro 84-239-6190-7
080 ## - NÚMERO DE LA CLASIFICACIÓN DECIMAL UNIVERSAL
Número de la Clasificación Decimal Universal 330.342.23
100 1# - ENTRADA PRINCIPAL--NOMBRE DE PERSONA
Nombre de persona Elzaburu Márquez, Fernando de.
9 (RLIN) 47131
245 13 - MENCIÓN DEL TÍTULO
Título La crisis mundial
Resto del título : de la incertidumbre a la esperanza /
Mención de responsabilidad, etc. Fernando de Elzaburu Márquez, Jesús Martitegui Susunaga.
260 ## - PUBLICACIÓN, DISTRIBUCIÓN, ETC.
Lugar de publicación, distribución, etc. Madrid :
Nombre del editor, distribuidor, etc. Espasa-Calpe,
Fecha de publicación, distribución, etc. [1987]
300 ## - DESCRIPCIÓN FÍSICA
Extensión 468 p. ;
Dimensiones 24 cm.
490 1# - MENCIÓN DE SERIE
Mención de serie Nueva Europa ;
Designación de volumen o secuencia 6
650 #4 - PUNTO DE ACCESO ADICIONAL DE MATERIA--TÉRMINO DE MATERIA
Término de materia o nombre geográfico como elemento de entrada Economía mundial-
Subdivisión cronológica 1945-1989.
9 (RLIN) 152137
650 14 - PUNTO DE ACCESO ADICIONAL DE MATERIA--TÉRMINO DE MATERIA
Término de materia o nombre geográfico como elemento de entrada Sociedad postindustrial.
9 (RLIN) 17176
700 1# - ENTRADA AGREGADA--NOMBRE PERSONAL
Nombre de persona Martitegui Susunaga, Jesús.
9 (RLIN) 78518
830 1# - PUNTO DE ACCESO ADICIONAL DE SERIE-TÍTULO UNIFORME
Título uniforme Nueva Europa ;
Designación de volumen o secuencia 6
9 (RLIN) 180845
852 ## - LOCALIZACIÓN
Ubicación ES-MaACL
Número de control de estantería L-12376
Nota libre - Dedicatoria autógrafa del autor
Holdings
Estatus retirado Estado de pérdida Estado de daño No para préstamo Biblioteca de origen Biblioteca actual Ubicación en estantería Fecha de adquisición Fuente de adquisición Total de préstamos Signatura topográfica completa Código de barras Visto por última vez Precio de reemplazo Tipo de ítem Koha
        Biblioteca del Ateneo de Madrid Biblioteca del Ateneo de Madrid Depósito 2 17/01/2008     L-12376 1005679 23/02/2023 23/02/2023 Libro impreso